000 01112nam0a22002771 4500
001 v19\rc\1448502
005 20250618140213.0
035 _a(NLR Aleph) 004589833
090 _a2642511
_c2642511
100 _a20060620d1873 |||y0rusy50 ca
101 0 _arus
102 _aRU
105 _ay z |||||
200 1 _aАкростихи, посвященныя блаженной памяти Константину Абрамовичу Попову
_f[Е. Морев]
210 _a[Санкт-Петербург]
_cтипо-лит. В. Грацианского
_dценз. 1873
215 _a8 с.
300 _aАвт. указан в конце текста
700 1 _aМорев
_bЕ.В.
_f1816-
_gЕвграф Васильевич
702 1 _4280
_aПопов
_bК. А.
_cкупец, промышленник, обществ. деятель
_f1814-1879
_gКонстантин Абрамович
_9226486
_3RU\NLR\AUTH\770226542
801 0 _aRU
_bNLR
_gpsbo
801 0 _aRU
_bRuMoRGB
_2psbo
801 1 _aRU
_bProSoft-M
_2rusmarc
852 _aNLR
_j18.167.3.263
942 _cBOOK
980 _aNB